Explorador le monde diplomatique: corea del sur /
Guardado en:
| Autor Principal: | |
|---|---|
| Otros Autores: | |
| Formato: | Libro |
| Publicado: |
Buenos Aires :
Capital Intelectual,
2015
|
| Series: | Tercera Serie ; 3
|
| Materias: | |
| Etiquetas: |
Agregar Etiqueta
Sin Etiquetas, Sea el primero en etiquetar este registro!
|
| LEADER | 01018nam a22002415a 4500 | ||
|---|---|---|---|
| 001 | CEM.cems014614 | ||
| 005 | 20150713154907.0 | ||
| 008 | 130507s2015##################000#0#####d | ||
| 003 | CEMS | ||
| 020 | |a 9789876144773 | ||
| 082 | 0 | 4 | |a 910.3 |
| 100 | 1 | |a Cumings, Bruce | |
| 245 | 1 | 0 | |a Explorador le monde diplomatique: corea del sur / |c Bruce Cumings ... y Otros; coordinado Por Creusa Muñoz |
| 260 | |a Buenos Aires : |b Capital Intelectual, |c 2015 | ||
| 300 | |a 88 p. | ||
| 490 | 0 | |a Tercera Serie ; 3 | |
| 505 | 0 | |a Una Nación fracturada -- Una guerra perpetua. Lo pasado -- La democracia autoritaria. Corea del Sur hacia adentro -- El péndulo estratégico. Corea del Sur hacia afuera -- La avanzada cultural. Lo vivido, lo pensado, lo imaginado -- El gran salto del tigre. Lo que vendrá -- De la periferia al centro | |
| 653 | |a Geografía | ||
| 653 | |a Historia | ||
| 653 | |a Economía | ||
| 653 | |a Corea del sur | ||
| 700 | 1 | |a Muñoz, Creusa; coord. | |
| 859 | |a CEMS |b BIB. CEMS - 11 de abril |h 910.3 |i N191-10 |p 27182.15 |t Ej.1 | ||
